[Event "FRA Team Ch"]
[Site "Montpellier"]
[Date "2001.04.28"]
[Round "8.6"]
[White "Grill, Marc"]
[Black "Bujisho, Benjamin"]
[Result "1/2-1/2"]
[WhiteElo "2200"]
[BlackElo "2368"]
[Annotator "Bischwiller-Echiquier Nicois"]
[PlyCount "168"]
[EventDate "2001.04.??"]

1. e4 c5 2. Nf3 e6 3. d4 cxd4 4. Nxd4 Nc6 5. Nb5 d6 6. c4 Nf6 7. N1c3 a6 8. Na3
Be7 9. Be2 O-O 10. Be3 Nd7 11. O-O b6 12. Qd2 Bb7 13. Rfd1 Qb8 14. Rac1 Qa7 15.
Bf1 Rfe8 16. f3 Rab8 17. Qf2 Nce5 18. Nc2 Rec8 19. b3 Bf8 20. Ne1 Bc6 21. Nd3
Nxd3 22. Bxd3 Qb7 23. Ne2 Ne5 24. Nd4 Nxd3 25. Rxd3 Be8 26. Rdc3 g6 27. Ne2 b5
28. cxb5 Rxc3 29. Nxc3 axb5 30. Bd4 b4 31. Nd1 Rc8 32. Rxc8 Qxc8 33. Qd2 Qb7
34. Bb2 e5 35. Bc1 Qb6+ 36. Qf2 Qb5 37. Be3 d5 38. exd5 Qxd5 39. Qd2 Qa8 40.
Nf2 f5 41. Nd3 Qa5 42. Qc2 Qd5 43. Qc4 Qxc4 44. bxc4 e4 45. fxe4 fxe4 46. Nf4
Kf7 47. Bd4 Bc6 48. Kf2 g5 49. Nd5 Ke6 50. Ne3 h5 51. g3 Ba4 52. Ke2 Bd6 53.
Kd2 b3 54. axb3 Bxb3 55. Kc3 Ba4 56. c5 Bc7 57. Kb4 Bc6 58. Kc4 Bb8 59. Bg7 Kf7
60. Bh8 h4 61. gxh4 gxh4 62. Nf5 h3 63. Nd6+ Ke6 64. Kd4 Bc7 65. Nxe4 Bf4 66.
Nf2 Bg2 67. Nxh3 Bxh3 68. Kc3 Kd5 69. Bd4 Bxh2 70. Bf2 Be5+ 71. Kb4 Bd7 72. Bg1
Bf4 73. Kc3 Bc6 74. Bf2 Bg5 75. Bd4 Ke4 76. Bh8 Be3 77. Kc4 Bb7 78. Kc3 Bxc5
79. Kb2 Kd3 80. Ka1 Kc2 81. Bg7 Bd5 82. Bh8 Bb4 83. Bg7 Bc3+ 84. Bxc3 Kxc3
1/2-1/2

[Event "FRA Team Ch"]
[Site "Montpellier"]
[Date "2001.04.28"]
[Round "8.7"]
[White "Caposciutti, Maurizio"]
[Black "Hoffmann, Regis"]
[Result "1-0"]
[WhiteElo "2355"]
[BlackElo "2177"]
[Annotator "Echiquier Nicois-Bischwiller"]
[PlyCount "149"]
[EventDate "2001.04.??"]

1. Nf3 g6 2. d4 Bg7 3. e4 d6 4. Nc3 Nf6 5. Be3 O-O 6. Qd2 c6 7. Bh6 b5 8. Bd3
Nbd7 9. Bxg7 Kxg7 10. O-O e5 11. dxe5 dxe5 12. a4 b4 13. Na2 a5 14. Qe3 Qe7 15.
Nc1 Nc5 16. Nb3 Nfd7 17. Nfd2 Nxb3 18. Nxb3 Ba6 19. Bxa6 Rxa6 20. Rfd1 Raa8 21.
Rd3 Rfd8 22. h3 Nf8 23. Rad1 Ne6 24. g3 h5 25. h4 c5 26. Nxc5 Nd4 27. c3 bxc3
28. bxc3 Qxc5 29. cxd4 exd4 30. Rxd4 Re8 31. Qf4 Re7 32. Rd5 Qb4 33. R1d4 Qe1+
34. Kg2 Rae8 35. Rd1 Qe2 36. R1d2 Qe1 37. Rd1 Qe2 38. Qf3 Rxe4 39. Qxe2 Rxe2
40. Rxa5 Rc8 41. Rd4 Rcc2 42. Rf4 f5 43. Rb5 Ra2 44. a5 Re6 45. Rc4 Ree2 46.
Rb7+ Kf6 47. Rb6+ Ke7 48. Rf4 Re6 49. Rb7+ Kf6 50. Ra7 Re5 51. Rb4 Ree2 52.
Rb6+ Re6 53. Raa6 Rxb6 54. Rxb6+ Kf7 55. a6 Ra3 56. f4 Kg7 57. Rb7+ Kf6 58. a7
Ke6 59. Kf2 Kd5 60. Re7 Ra6 61. Ke3 Ra3+ 62. Kd2 Kd6 63. Rg7 Kd5 64. Kc2 Ra2+
65. Kd3 Ra3+ 66. Kc2 Ke4 67. Kb2 Ra5 68. Kb3 Kf3 69. Kb4 Ra1 70. Kb5 Ra2 71.
Kb6 Kxg3 72. Rxg6+ Kxf4 73. Kb7 Rxa7+ 74. Kxa7 Ke4 75. Rg5 1-0

[Event "FRA Team Ch"]
[Site "Montpellier"]
[Date "2001.04.28"]
[Round "8.8"]
[White "Leclair, Marie"]
[Black "Moncamp, Gilles"]
[Result "0-1"]
[WhiteElo "2032"]
[BlackElo "2242"]
[Annotator "Bischwiller-Echiquier Nicois"]
[PlyCount "108"]
[EventDate "2001.04.??"]

1. e4 e5 2. Nf3 Nc6 3. Nc3 Nf6 4. d4 exd4 5. Nxd4 Bb4 6. Nxc6 bxc6 7. Bd3 d6 8.
O-O Bxc3 9. bxc3 h6 10. h3 O-O 11. Ba3 Re8 12. Re1 Bb7 13. c4 c5 14. Bb2 Re6
15. e5 dxe5 16. Rxe5 Qd6 17. Rxe6 Qxe6 18. Qd2 Re8 19. Qf4 Qd6 20. Qf5 Kf8 21.
Rd1 Re6 22. Be2 Be4 23. Rxd6 Bxf5 24. Rxe6 fxe6 25. Ba3 Nd7 26. Bd1 Ke7 27. Bb2
Kf7 28. f3 e5 29. Kf2 Ke6 30. f4 g6 31. g4 Be4 32. Ke3 Bg2 33. h4 Bf1 34. g5
hxg5 35. fxg5 Bxc4 36. a3 Nb6 37. Bg4+ Kd6 38. h5 gxh5 39. Bxh5 Bd5 40. Bc1
Nc4+ 41. Kf2 Be4 42. c3 Ke6 43. Ke2 Bf5 44. Kf3 a5 45. Kg3 Nd6 46. Bf3 Bg6 47.
Kf2 e4 48. Be2 Kd5 49. Ke1 Nc4 50. Bf4 Nxa3 51. Bxc7 a4 52. Bd1 Nb5 53. Bxa4
Nxc7 54. Ke2 Kc4 0-1

[Event "FRA Team Ch"]
[Site "Montpellier"]
[Date "2001.04.28"]
[Round "8.9"]
[White "Bonnafous, Nathalie"]
[Black "Reeb, Roland"]
[Result "1/2-1/2"]
[WhiteElo "2071"]
[BlackElo "2045"]
[Annotator "Echiquier Nicois-Bischwiller"]
[PlyCount "47"]
[EventDate "2001.04.??"]

1. Nf3 Nf6 2. g3 g6 3. Bg2 Bg7 4. O-O O-O 5. d4 d5 6. Nbd2 Nbd7 7. c4 c6 8. Re1
Re8 9. e4 dxe4 10. Nxe4 Nxe4 11. Rxe4 e5 12. dxe5 Nxe5 13. Qxd8 Rxd8 14. Bg5
Nxf3+ 15. Bxf3 Bf5 16. Re2 Rd4 17. Re7 Rd7 18. Rae1 Bf8 19. Rxd7 Bxd7 20. Rd1
Be6 21. b3 Kg7 22. Kf1 a5 23. a4 Bc5 24. Rd8 1/2-1/2

[Event "FRA Team Ch"]
[Site "Montpellier"]
[Date "2001.04.29"]
[Round "9.3"]
[White "Andersson, Ulf"]
[Black "Marzolo, Cyril"]
[Result "1/2-1/2"]
[WhiteElo "2640"]
[BlackElo "2378"]
[Annotator "Monaco-Mulhouse"]
[PlyCount "41"]
[EventDate "2001.04.??"]

1. Nf3 c5 2. c4 Nf6 3. Nc3 Nc6 4. d4 cxd4 5. Nxd4 d5 6. cxd5 Nxd5 7. Nxc6 bxc6
8. Bd2 e5 9. e4 Nf6 10. Be2 Bc5 11. O-O O-O 12. Qc2 Bd4 13. Rac1 Be6 14. b3 Nd7
15. Na4 Qh4 16. Bf3 c5 17. Be3 Bxe3 18. fxe3 Rfc8 19. Nc3 Nf6 20. Qf2 Qg5 21.
Rfd1 1/2-1/2

[Event "FRA Team Ch"]
[Site "Montpellier"]
[Date "2001.04.29"]
[Round "9.4"]
[White "Benitah, Yohan"]
[Black "Efimov, Igor"]
[Result "0-1"]
[WhiteElo "2345"]
[BlackElo "2465"]
[Annotator "Mulhouse-Monaco"]
[PlyCount "52"]
[EventDate "2001.04.??"]

1. d4 Nf6 2. c4 e6 3. Nc3 Bb4 4. e3 O-O 5. Nge2 d5 6. a3 Bd6 7. c5 Be7 8. f4 b6
9. b4 a5 10. Rb1 axb4 11. axb4 bxc5 12. bxc5 Ba6 13. Qa4 Nfd7 14. Ng3 Bh4 15.
Be2 Qf6 16. Ba3 c6 17. Kf2 e5 18. dxe5 Nxe5 19. Bb2 Nbd7 20. Bxa6 Nxc5 21. Nxd5
Qg6 22. Qd4 cxd5 23. Qxc5 Ng4+ 24. Ke2 Rxa6 25. Ba3 Re8 26. Nf1 Qxb1 0-1

[Event "FRA Team Ch"]
[Site "Montpellier"]
[Date "2001.04.29"]
[Round "9.5"]
[White "Miralles, Gilles"]
[Black "Bonnet, Edouard"]
[Result "1-0"]
[WhiteElo "2473"]
[BlackElo "2154"]
[Annotator "Monaco-Mulhouse"]
[PlyCount "119"]
[EventDate "2001.04.??"]

1. e4 c5 2. Nf3 d6 3. d4 cxd4 4. Nxd4 Nf6 5. Nc3 a6 6. Bg5 e6 7. Qf3 Be7 8.
O-O-O Qc7 9. Qg3 Nbd7 10. h4 b5 11. Bxb5 axb5 12. Ndxb5 Qb8 13. Nxd6+ Bxd6 14.
Rxd6 O-O 15. Rhd1 Ra6 16. Bf4 Qa8 17. Qe3 e5 18. Bg5 Rxd6 19. Rxd6 Qb8 20. Qd2
h6 21. Be3 Re8 22. f3 Re6 23. Rd3 Re8 24. g4 Nb6 25. b3 Be6 26. a4 Rc8 27. Nb5
Ne8 28. Qb4 Nd7 29. Qe7 Qb7 30. g5 hxg5 31. hxg5 g6 32. Kb2 Rb8 33. c4 Qc6 34.
Qb4 Nb6 35. Rc3 Rb7 36. Ka3 Nd7 37. Rd3 Rb8 38. Rd1 Rb7 39. Qe7 Rb8 40. Ba7 Ra8
41. Kb2 Rc8 42. Be3 Rb8 43. Rc1 Nc7 44. Qd6 Qxd6 45. Nxd6 Kf8 46. Rc3 Na6 47.
Nb5 Nac5 48. Ka3 Rc8 49. b4 Nxa4 50. Kxa4 Rxc4 51. Ka5 Rxc3 52. Nxc3 Nb8 53.
Kb6 Ke7 54. b5 f6 55. Kc7 Nd7 56. Nd5+ Kf7 57. Nxf6 Nxf6 58. gxf6 Bc4 59. b6
Ba6 60. Bg5 1-0

[Event "FRA Team Ch"]
[Site "Montpellier"]
[Date "2001.04.29"]
[Round "9.6"]
[White "Libiszewski, Fabien"]
[Black "Hauchard, Arnaud"]
[Result "0-1"]
[WhiteElo "2255"]
[BlackElo "2527"]
[Annotator "Mulhouse-Monaco"]
[PlyCount "64"]
[EventDate "2001.04.??"]

1. e4 c5 2. d3 Nc6 3. g3 g6 4. Bg2 Bg7 5. f4 e6 6. Nf3 Nge7 7. O-O d6 8. c3 O-O
9. Be3 b6 10. Bf2 e5 11. Na3 Rb8 12. d4 exd4 13. cxd4 Bg4 14. Nc2 Qc8 15. Qd2
Rd8 16. d5 Na5 17. Ne3 Bxf3 18. Bxf3 f5 19. Rac1 fxe4 20. Bxe4 Rf8 21. Kg2 Kh8
22. Qe2 Qe8 23. b3 Nb7 24. Rce1 b5 25. Bb1 a6 26. Qd3 Qf7 27. h4 c4 28. bxc4
Nc5 29. Qc2 bxc4 30. Nxc4 Qxd5+ 31. Kg1 Nf5 32. Nxd6 Nd4 0-1

[Event "FRA Team Ch"]
[Site "Montpellier"]
[Date "2001.04.29"]
[Round "9.7"]
[White "Relange, Eloi"]
[Black "Toulzac, Pierre-Yves"]
[Result "1/2-1/2"]
[WhiteElo "2484"]
[BlackElo "2256"]
[Annotator "Monaco-Mulhouse"]
[PlyCount "80"]
[EventDate "2001.04.??"]

1. d4 Nf6 2. Nf3 d6 3. c4 g6 4. Nc3 Bg7 5. e4 O-O 6. Be2 e5 7. d5 Nh5 8. Ng1
Nf6 9. Bg5 h6 10. Be3 c6 11. h4 h5 12. f3 a6 13. Nh3 b5 14. cxb5 axb5 15. dxc6
b4 16. Nb5 Nxc6 17. Qxd6 Nd4 18. Qxd8 Rxd8 19. Nxd4 exd4 20. Bd2 d3 21. Bd1 Ne8
22. Bxb4 Bxb2 23. Rb1 Bf6 24. Nf4 Rb8 25. Kd2 Be5 26. Nd5 Ba6 27. Bb3 Kh7 28.
Bc3 Bg3 29. Ba4 Rxb1 30. Rxb1 Bxh4 31. g3 Bg5+ 32. f4 Nd6 33. fxg5 Nxe4+ 34.
Ke3 Nxg5 35. Bc6 Rd6 36. Rb8 Re6+ 37. Kf4 Nh3+ 38. Kf3 Ng5+ 39. Kf4 Nh3+ 40.
Kf3 Ng5+ 1/2-1/2

[Event "FRA Team Ch"]
[Site "Montpellier"]
[Date "2001.04.29"]
[Round "9.9"]
[White "Te-Lallemand, Roza"]
[Black "Muller, Anne"]
[Result "1/2-1/2"]
[WhiteElo "2291"]
[BlackElo "2208"]
[Annotator "Monaco-Mulhouse"]
[PlyCount "106"]
[EventDate "2001.04.??"]

1. e4 c5 2. Nf3 d6 3. d4 cxd4 4. Nxd4 Nf6 5. Nc3 Nc6 6. Bg5 e6 7. Qd2 a6 8.
O-O-O h6 9. Nxc6 bxc6 10. Bf4 d5 11. Qe3 Qa5 12. Be2 Bb7 13. a3 O-O-O 14. exd5
cxd5 15. Qa7 Bd6 16. Bxd6 Rxd6 17. Nb5 Rc6 18. Nd4 Rc7 19. Nb3 Qa4 20. Kb1 Qc6
21. Rd4 Qxc2+ 22. Ka2 Qxe2 23. Rb4 Ne4 24. Rc1 Nd6 25. Rxc7+ Kxc7 26. Qb6+ Kd7
27. Nc5+ Ke7 28. Qc7+ Kf6 29. Qxd6 Ba8 30. Qf4+ Kg6 31. Qg3+ Kh7 32. Rg4 g6 33.
Qc7 Kg7 34. Rf4 Rf8 35. Nd7 d4 36. Rxd4 Bd5+ 37. Rxd5 exd5 38. Qc3+ Kg8 39.
Nf6+ Kh8 40. Nd7+ Kg8 41. Nxf8 Kxf8 42. Qc5+ Kg7 43. Qd4+ Kh7 44. Qxd5 Qxf2 45.
a4 f5 46. a5 Qf4 47. b4 Kg7 48. h3 Qc1 49. Kb3 Qe3+ 50. Kc4 Qc1+ 51. Kd4 Qg1+
52. Ke5 Qe1+ 53. Kd4 Qg1+ 1/2-1/2

[Event "FRA Team Ch"]
[Site "Montpellier"]
[Date "2001.04.29"]
[Round "9.3"]
[White "Santo-Roman, Marc"]
[Black "Roos, Daniel"]
[Result "1/2-1/2"]
[WhiteElo "2416"]
[BlackElo "2404"]
[Annotator "Montpellier-Strasbourg"]
[PlyCount "158"]
[EventDate "2001.04.??"]

1. e4 c6 2. d4 d5 3. Nc3 dxe4 4. Nxe4 Bf5 5. Ng3 Bg6 6. h4 h6 7. Nh3 Nf6 8. Nf4
Bh7 9. Bc4 e6 10. Qe2 Bd6 11. Ngh5 O-O 12. Be3 Nbd7 13. O-O-O Nb6 14. Nxf6+
Qxf6 15. Nh5 Qe7 16. Bd3 f5 17. Bf4 Bg6 18. Bxd6 Qxd6 19. g3 Bxh5 20. Qxh5 Qxd4
21. Rhe1 Qf6 22. Qe2 Rfe8 23. f4 Rad8 24. Qf2 Qd4 25. Qe2 Qf6 26. Qf2 Qd4 27.
Qxd4 Rxd4 28. Bxf5 Rxd1+ 29. Kxd1 Kf7 30. Bd3 Rd8 31. Re4 Rd6 32. Ke2 Nd7 33.
b4 Nf6 34. Rc4 Rd5 35. Kf3 h5 36. a4 e5 37. b5 c5 38. a5 Ke7 39. Ra4 Kd6 40.
Ra1 exf4 41. gxf4 Rd4 42. Rg1 c4 43. Bf5 Rd5 44. Bc8 Rxb5 45. Rxg7 Rxa5 46.
Rxb7 Ra3+ 47. Ke2 Ne4 48. Rg7 a5 49. Bb7 Nf6 50. Rg6 Ke7 51. Rg5 Rc3 52. Kd2
Rh3 53. Rxa5 Rxh4 54. Ke3 Rh2 55. c3 h4 56. Rc5 h3 57. Rxc4 Rc2 58. f5 h2 59.
Kd3 Rf2 60. Rh4 Kd6 61. Kd4 Rxf5 62. Rxh2 Rh5 63. Rg2 Rh4+ 64. Kd3 Nd7 65. Kc2
Nc5 66. Rg6+ Ke5 67. Bc6 Rh2+ 68. Bg2 Ne6 69. Kb3 Nf4 70. Rg5+ Kf6 71. Rg4 Nxg2
72. Re4 Nh4 73. c4 Nf5 74. c5 Ne7 75. Kc4 Rb2 76. Re3 Nc6 77. Kd5 Ne5 78. Re4
Rd2+ 79. Rd4 Rxd4+ 1/2-1/2

[Event "FRA Team Ch"]
[Site "Montpellier"]
[Date "2001.04.29"]
[Round "9.4"]
[White "Herbrechtsmeier, Christof"]
[Black "Flear, Glenn C"]
[Result "1/2-1/2"]
[WhiteElo "2336"]
[BlackElo "2476"]
[Annotator "Strasbourg-Montpellier"]
[PlyCount "58"]
[EventDate "2001.04.??"]

1. e4 e5 2. Nf3 Nc6 3. Bc4 Bc5 4. c3 Nf6 5. d4 exd4 6. cxd4 Bb4+ 7. Bd2 Nxe4 8.
Bxb4 Nxb4 9. Bxf7+ Kxf7 10. Qb3+ Kf8 11. Qxb4+ Qe7 12. Qxe7+ Kxe7 13. Nc3 Nxc3
14. bxc3 d6 15. Kd2 Bg4 16. Rhe1+ Kd7 17. Ng5 h6 18. Ne4 Rhf8 19. f3 Be6 20.
Ng3 Bc4 21. Nf1 Bxf1 22. Rxf1 Rae8 23. Rfe1 Rxe1 24. Rxe1 Rf5 25. Kc2 Ra5 26.
Kb3 Rb5+ 27. Kc2 Ra5 28. Kb3 Rb5+ 29. Kc2 Ra5 1/2-1/2

[Event "FRA Team Ch"]
[Site "Montpellier"]
[Date "2001.04.29"]
[Round "9.5"]
[White "Touzane, Olivier"]
[Black "Maier, Christian"]
[Result "1-0"]
[WhiteElo "2388"]
[BlackElo "2372"]
[Annotator "Montpellier-Strasbourg"]
[PlyCount "69"]
[EventDate "2001.04.??"]

1. d4 Nf6 2. c4 g6 3. Nc3 Bg7 4. e4 d6 5. Be2 O-O 6. g4 e5 7. d5 Na6 8. g5 Nh5
9. Bxh5 gxh5 10. Qxh5 f5 11. gxf6 Qxf6 12. Be3 Bd7 13. O-O-O Be8 14. Qg4 Kh8
15. Nh3 Rg8 16. Ng5 Nc5 17. b4 Bh6 18. h4 Nd7 19. Nb5 Qf8 20. Qe2 Nf6 21. Nxc7
Bh5 22. f3 Rc8 23. Nce6 Qe8 24. c5 Qa4 25. Qb2 Nd7 26. Kb1 Bxg5 27. hxg5 Rge8
28. g6 Bxg6 29. Rde1 Rg8 30. cxd6 Qa6 31. Nc5 Nxc5 32. Rxh7+ Kxh7 33. Qh2+ Kg7
34. Qxe5+ Kf7 35. Qe7# 1-0

[Event "FRA Team Ch"]
[Site "Montpellier"]
[Date "2001.04.29"]
[Round "9.7"]
[White "Marteau, Yann"]
[Black "Roos, Jean-Luc"]
[Result "0-1"]
[WhiteElo "2198"]
[BlackElo "2264"]
[Annotator "Montpellier-Strasbourg"]
[PlyCount "124"]
[EventDate "2001.04.??"]

1. e4 e6 2. d4 d5 3. e5 c5 4. c3 Nc6 5. Nf3 Qb6 6. Be2 cxd4 7. cxd4 Nh6 8. Nc3
Nf5 9. Na4 Qa5+ 10. Kf1 Bd7 11. b3 b5 12. Bd2 Qd8 13. Bxb5 Ncxd4 14. Bxd7+ Qxd7
15. g3 Be7 16. Kg2 O-O 17. Nxd4 Nxd4 18. Qg4 Nf5 19. Bb4 Bxb4 20. Qxb4 d4 21.
Rhe1 Qd5+ 22. Kg1 Rac8 23. Qd2 Rfd8 24. Qd3 h5 25. Rad1 Rc7 26. Re4 Rdc8 27. h3
Rc1 28. Rxc1 Rxc1+ 29. Kg2 Rd1 30. Qxd1 Qxe4+ 31. Kg1 Qxe5 32. Nb2 Nxg3 33.
fxg3 Qxg3+ 34. Kf1 Qxh3+ 35. Kg1 Qe3+ 36. Kg2 h4 37. Nc4 Qg3+ 38. Kh1 h3 39.
Qg1 Qf3+ 40. Kh2 d3 41. Qg3 Qe2+ 42. Kxh3 d2 43. Qb8+ Kh7 44. Nxd2 Qxd2 45.
Qxa7 f5 46. Qf7 Qe2 47. Kg3 Qg4+ 48. Kf2 e5 49. Qc4 e4 50. Qe2 Qh4+ 51. Ke3
Qh6+ 52. Kd4 Qd6+ 53. Ke3 Kh6 54. Qc4 Qg3+ 55. Kd4 g6 56. Qc1+ g5 57. b4 Qd6+
58. Kc3 Qc6+ 59. Kb2 Qxc1+ 60. Kxc1 g4 61. Kd2 g3 62. Ke2 f4 0-1

[Event "FRA Team Ch"]
[Site "Montpellier"]
[Date "2001.04.29"]
[Round "9.9"]
[White "Flear, Christine"]
[Black "Chapelle, Emilie"]
[Result "1-0"]
[WhiteElo "2184"]
[BlackElo "2060"]
[Annotator "Montpellier-Strasbourg"]
[PlyCount "35"]
[EventDate "2001.04.??"]

1. d4 Nf6 2. c4 e6 3. Nf3 b6 4. e3 Bb7 5. Bd3 Ne4 6. O-O Bd6 7. Nbd2 f5 8. Ne5
Nf6 9. f4 c5 10. Ndf3 Nc6 11. a3 Qe7 12. Bd2 O-O-O 13. Bc3 Bxe5 14. fxe5 Ng4
15. Qe2 d6 16. h3 h5 17. exd6 Qxd6 18. d5 1-0

[Event "FRA Team Ch"]
[Site "Montpellier"]
[Date "2001.04.29"]
[Round "9.1"]
[White "Pira, Davoud"]
[Black "Rausis, Igor"]
[Result "0-1"]
[WhiteElo "2449"]
[BlackElo "2525"]
[Annotator "Auxerre-Gonfreville"]
[PlyCount "78"]
[EventDate "2001.04.??"]

1. d4 g6 2. e4 c6 3. f4 d5 4. e5 Nh6 5. Be3 Qb6 6. b3 Ng4 7. Bc1 c5 8. Be2 h5
9. h3 Nh6 10. dxc5 Qxc5 11. Ba3 Qe3 12. Bc1 Qg3+ 13. Kf1 e6 14. Bb5+ Bd7 15.
Bxd7+ Nxd7 16. Ne2 Qh4 17. g3 Qd8 18. Nd2 Nf5 19. Nf3 Qb6 20. Kg2 Nc5 21. Qg1
Qa6 22. Qd1 Rc8 23. Rf1 Ne4 24. Qd3 Be7 25. Qxa6 bxa6 26. Nfd4 Nexg3 27. Nxf5
Nxf5 28. c3 h4 29. Bd2 g5 30. Kf3 gxf4 31. Bxf4 f6 32. Rg1 Rf8 33. Kg2 Bc5 34.
Rgf1 fxe5 35. Bxe5 Ne3+ 36. Kh1 Nc2 37. Nf4 Kd7 38. Ng6 Rg8 39. Nxh4 Nxa1 0-1

[Event "FRA Team Ch"]
[Site "Montpellier"]
[Date "2001.04.29"]
[Round "9.2"]
[White "Eliet, Nicolas"]
[Black "Vaisser, Anatoly"]
[Result "0-1"]
[WhiteElo "2398"]
[BlackElo "2540"]
[Annotator "Gonfreville-Auxerre"]
[PlyCount "86"]
[EventDate "2001.04.??"]

1. d4 e6 2. e4 d5 3. Nc3 Bb4 4. exd5 exd5 5. Bd3 Ne7 6. Nge2 Bf5 7. Bxf5 Nxf5
8. Qd3 Qd7 9. Bf4 O-O 10. O-O Bxc3 11. Nxc3 Nc6 12. Bxc7 Nb4 13. Qb5 Qxb5 14.
Nxb5 Nxc2 15. Rad1 Rfc8 16. Rd2 Ncxd4 17. Nxd4 Nxd4 18. Rxd4 Rxc7 19. Rxd5 Rc2
20. Rb5 b6 21. a4 Rd8 22. b4 g6 23. g3 Rb2 24. a5 Rd6 25. axb6 axb6 26. h3 Kf8
27. g4 h6 28. Kg2 Ke7 29. Ra1 Rf6 30. Rf1 Kd7 31. Kg3 Kc6 32. Re5 Rxb4 33. f4
Rb3+ 34. Kg2 Re6 35. Rxe6+ fxe6 36. f5 exf5 37. gxf5 gxf5 38. Rxf5 Rd3 39. h4
b5 40. Kf2 Rd5 41. Rf6+ Rd6 42. Rf5 b4 43. Ke3 b3 0-1

[Event "FRA Team Ch"]
[Site "Montpellier"]
[Date "2001.04.29"]
[Round "9.3"]
[White "Cramling, Pia"]
[Black "Vallin, Guillaume"]
[Result "1-0"]
[WhiteElo "2492"]
[BlackElo "2396"]
[Annotator "Auxerre-Gonfreville"]
[PlyCount "51"]
[EventDate "2001.04.??"]

1. d4 Nf6 2. c4 e6 3. Nf3 d5 4. Nc3 Bb4 5. Bg5 h6 6. Bxf6 Qxf6 7. cxd5 exd5 8.
Qb3 Bxc3+ 9. bxc3 c6 10. e3 O-O 11. Bd3 b6 12. O-O Be6 13. Ne5 c5 14. Be2 Rd8
15. f4 c4 16. Qa3 Bf5 17. Bh5 g6 18. Bf3 h5 19. Rae1 Qe6 20. e4 dxe4 21. Rxe4
Bxe4 22. Bxe4 Nd7 23. f5 gxf5 24. Bxf5 Qd5 25. Bh7+ Kh8 26. Nxf7+ 1-0

[Event "FRA Team Ch"]
[Site "Montpellier"]
[Date "2001.04.29"]
[Round "9.4"]
[White "Beikert, Guenther"]
[Black "Bellon Lopez, Juan Manuel"]
[Result "1/2-1/2"]
[WhiteElo "2443"]
[BlackElo "2430"]
[Annotator "Gonfreville-Auxerre"]
[PlyCount "69"]
[EventDate "2001.04.??"]

1. Nf3 g6 2. e4 Bg7 3. d4 d6 4. Be3 Nd7 5. Qd2 a6 6. c4 e5 7. dxe5 Nxe5 8. Nxe5
Bxe5 9. Nc3 Ne7 10. O-O-O b6 11. Be2 Bb7 12. f4 Bg7 13. Bd4 Bxd4 14. Qxd4 Rg8
15. Bf3 Qd7 16. e5 Bxf3 17. gxf3 O-O-O 18. exd6 Nf5 19. Qf2 c5 20. b4 Nd4 21.
bxc5 bxc5 22. Ne4 f5 23. Nf6 Qxd6 24. Nxg8 Qxf4+ 25. Kb1 Rxg8 26. Rhe1 Kc7 27.
Qe3 Rb8+ 28. Kc1 Qxe3+ 29. Rxe3 Rb4 30. Re7+ Kd6 31. Rxh7 Rxc4+ 32. Kb1 Rb4+
33. Kc1 Rc4+ 34. Kb1 Rb4+ 35. Kc1 1/2-1/2

[Event "FRA Team Ch"]
[Site "Montpellier"]
[Date "2001.04.29"]
[Round "9.5"]
[White "Solozhenkin, Evgeniy"]
[Black "Gouret, Thierry"]
[Result "1-0"]
[WhiteElo "2506"]
[BlackElo "2322"]
[Annotator "Auxerre-Gonfreville"]
[PlyCount "83"]
[EventDate "2001.04.??"]

1. d4 e6 2. c4 f5 3. g3 Nf6 4. Bg2 d5 5. Nh3 c6 6. Qc2 Bd6 7. O-O O-O 8. Bf4
Be7 9. Rd1 Nh5 10. Nd2 Nd7 11. Nf3 h6 12. Ne5 g5 13. Nxd7 Bxd7 14. Be5 Bf6 15.
f3 Bxe5 16. dxe5 Qb6+ 17. c5 Qc7 18. f4 gxf4 19. gxf4 Be8 20. Kh1 Qe7 21. e3
Qh4 22. Qf2 Qxf2 23. Nxf2 Ng7 24. Nd3 Bh5 25. Rd2 Kf7 26. Nb4 Ne8 27. Rc1 Rc8
28. Kg1 Rg8 29. Kf2 Ke7 30. Rc3 Rg6 31. Rb3 Rc7 32. Ra3 a6 33. Nc2 Kf8 34. Rb3
Rcg7 35. Ne1 Rc7 36. Rb6 Rgg7 37. Nc2 Rge7 38. Nd4 Ng7 39. Nb3 Ke8 40. Na5 Kd8
41. Rd4 Kc8 42. Rdb4 1-0

[Event "FRA Team Ch"]
[Site "Montpellier"]
[Date "2001.04.29"]
[Round "9.7"]
[White "Nicoara, Malina"]
[Black "Vaugeois, Cyrille"]
[Result "1/2-1/2"]
[WhiteElo "2258"]
[BlackElo "2106"]
[Annotator "Auxerre-Gonfreville"]
[PlyCount "130"]
[EventDate "2001.04.??"]

1. d4 Nf6 2. c4 g6 3. Nc3 Bg7 4. e4 d6 5. f3 O-O 6. Be3 Nc6 7. Nge2 a6 8. Qd2
Rb8 9. Nc1 e5 10. Nb3 exd4 11. Nxd4 Re8 12. Be2 Nxd4 13. Bxd4 Nh5 14. O-O Nf4
15. Be3 Nxe2+ 16. Nxe2 b5 17. cxb5 axb5 18. Rfd1 Be6 19. Nd4 Qd7 20. a3 f5 21.
exf5 Bxf5 22. Rac1 Be6 23. Bf2 Bf7 24. Nc6 Ra8 25. Nb4 Bc4 26. Re1 Rxe1+ 27.
Rxe1 Re8 28. Rxe8+ Qxe8 29. Nd5 Qf7 30. Nc3 Be5 31. Be3 Qf5 32. Ne4 d5 33. Nc3
c6 34. f4 Bg7 35. Bd4 Bf8 36. Qe3 g5 37. g3 gxf4 38. gxf4 Qg4+ 39. Kf2 c5 40.
Bxc5 Bxc5 41. Qxc5 Qxf4+ 42. Kg2 Qg4+ 43. Kf2 d4 44. Nxb5 Qf4+ 45. Kg2 Qe4+ 46.
Kg3 Qd3+ 47. Kf4 Qe3+ 48. Kf5 Qe6+ 49. Kf4 Qf7+ 50. Kg3 Qg7+ 51. Kf4 Qh6+ 52.
Kg3 Qe3+ 53. Kg2 Qe2+ 54. Kg3 Bxb5 55. Qd5+ Kf8 56. Qd8+ Be8 57. Qxd4 Qe1+ 58.
Kg4 h5+ 59. Kf5 Qf1+ 60. Ke5 Qe2+ 61. Kf5 Qc2+ 62. Ke6 Bf7+ 63. Kd7 Be8+ 64.
Kd8 Bg6 65. Qf6+ Kg8 1/2-1/2

[Event "FRA Team Ch"]
[Site "Montpellier"]
[Date "2001.04.29"]
[Round "9.8"]
[White "Gervais, Claire"]
[Black "Blanvillain, Philippe"]
[Result "1/2-1/2"]
[WhiteElo "2170"]
[BlackElo "2170"]
[Annotator "Gonfreville-Auxerre"]
[PlyCount "39"]
[EventDate "2001.04.??"]

1. d4 d5 2. c4 e6 3. Nc3 Nf6 4. cxd5 exd5 5. Bg5 c6 6. e3 Nbd7 7. Bd3 Bd6 8.
Qc2 h6 9. Bh4 O-O 10. Nge2 Re8 11. a3 a5 12. Rb1 Qe7 13. Bg3 Nb6 14. O-O Bg4
15. Bxd6 Qxd6 16. b4 Bxe2 17. Bxe2 axb4 18. axb4 Nbd7 19. b5 Ra5 20. Ra1
1/2-1/2

[Event "FRA Team Ch"]
[Site "Montpellier"]
[Date "2001.04.29"]
[Round "9.9"]
[White "Chevrier, Thomas"]
[Black "Nguyen, Kim-Thomas"]
[Result "1-0"]
[WhiteElo "2158"]
[BlackElo "1890"]
[Annotator "Auxerre-Gonfreville"]
[PlyCount "57"]
[EventDate "2001.04.??"]

1. e4 e6 2. d3 d5 3. Nd2 c5 4. Ngf3 Nc6 5. g3 b6 6. Bg2 Bb7 7. O-O Qc7 8. exd5
exd5 9. d4 Nf6 10. Nb3 O-O-O 11. dxc5 bxc5 12. Bf4 Bd6 13. Bxd6 Qxd6 14. c4 d4
15. Ne1 d3 16. Nd2 Rhe8 17. a3 Nd4 18. Nef3 Ne2+ 19. Kh1 Ng4 20. Qa4 a6 21. b4
Qf6 22. bxc5 Qxa1 23. Bh3 Bxf3+ 24. Nxf3 Qxf1+ 25. Bxf1 Nxf2+ 26. Kg2 Ng4 27.
Qxa6+ Kd7 28. Qb7+ Ke6 29. Qe4+ 1-0

[Event "FRA Team Ch"]
[Site "Montpellier"]
[Date "2001.04.29"]
[Round "9.1"]
[White "Tkachiev, Vladislav"]
[Black "Bareev, Evgeny"]
[Result "1/2-1/2"]
[WhiteElo "2672"]
[BlackElo "2709"]
[Annotator "Cannes-Clichy"]
[PlyCount "71"]
[EventDate "2001.04.??"]

1. e4 e6 2. d4 d5 3. Nd2 c5 4. Ngf3 Nf6 5. e5 Nfd7 6. c3 Nc6 7. Bd3 Qb6 8. O-O
a5 9. Re1 h6 10. dxc5 Bxc5 11. Qe2 g5 12. Nb3 Bf8 13. Bb5 Bg7 14. h4 g4 15.
Nfd4 Ndxe5 16. Bf4 O-O 17. Nxc6 bxc6 18. Bxe5 Qxb5 19. Qxg4 f6 20. Nd4 Qb7 21.
Bd6 e5 22. Nf5 Bxf5 23. Qxf5 Rfd8 24. Ba3 Qd7 25. Qg6 Qf7 26. Qf5 Qd7 27. Qg6
Re8 28. Rad1 f5 29. Bc5 Qe6 30. Qxe6+ Rxe6 31. c4 Rd8 32. Bb6 Rd7 33. Re2 a4
34. Bc5 Kf7 35. Red2 d4 36. f4 1/2-1/2